01308nam a2200241Ia 4500952010100000952010100101952010100202999001700303008004100320020001500361050002000376100003800396245007000434250001800504260003300522300003500555500007900590504002700669505027900696519004200975650003701017942001201054 00102lcc4070a01b01d2022-11-30l0oQA159 A58 2004p16 003706r2023-07-13t1w2022-11-30yLB 00102lcc4070a01b01d2022-11-30l0oQA159 A58 2004p16 003707r2023-07-13t2w2022-11-30yLB 00102lcc4070a01b01d2022-11-30l0oQA159 A58 2004p16 003708r2023-07-13t3w2022-11-30yLB c71574d71574120626s2004 mx k 000 0 spa d a9706479198 aQA159bA58 2004 aAlvarado García, Rodolfoeautor aÁlgebrab: Para preuniversitariosc/ Rodolfo, Alvarado García a2a. edición aMéxico b: Esfingec, 2004 a302 páginas b: formularios  aIncluye: Presentación (p. 3), Respuesta de los ejercicios (pp. 265- 302) aBibliografía (p.264) aConjuntos Sistemas de numeración El campo de los números reales Monomios y polinomios Productos notables y factorización Operaciones con fracciones algebraicas y radicales Ecuaciones y desigualdades Sistemas de ecuaciones y desigualdades El triángulo aMaterial Complementario / d16 003706 0aÁLGEBRAxESTUDIO Y ENSEÑANZA cLB2lcc